| 000 | 01310nam a22003857a 4500 | ||
|---|---|---|---|
| 003 | OSt | ||
| 005 | 20230519092053.0 | ||
| 008 | 221006b |||||||| |||| 00| 0 eng d | ||
| 040 | _cBiblioteca Lado V | ||
| 082 |
_a701.18 _bA658t |
||
| 100 |
_9828 _aAraeen, Rasheed _eeditora |
||
| 245 |
_aThird Text/ _bThird World Perspectives on Contemporary Art & Culture/ |
||
| 260 |
_bRoutledge _c1999 _aLondres |
||
| 300 |
_c19x25cm _a112p. |
||
| 366 | _eeng | ||
| 490 |
_a48 _v1999 _x0952-8822 |
||
| 505 | _aVictor Tupitsyn | ||
| 505 | _aLindsay Jones | ||
| 505 | _aGuy Brett | ||
| 505 | _aXiaoping Lin | ||
| 505 | _aColin Samson | ||
| 505 | _aChristian Kravagna | ||
| 505 | _aJude G. Akudinobi | ||
| 505 | _aGavin Butt and Jon Cairns | ||
| 505 | _aJohn Welchman | ||
| 505 |
_aReviews _gJames Swinson Tina Sotiriadi Joe Linehan |
||
| 650 |
_2Tesauro de Arte & Arquitectura _aARTE _9703 |
||
| 650 |
_2Tesauro de Arte & Arquitectura _aCRITICA |
||
| 650 |
_2Tesauro de Arte & Arquitectura _aARTE CONTEMPORANEO |
||
| 650 |
_2Tesauro de Arte & Arquitectura _aAPRECIACION |
||
| 650 |
_2Tesauro de Arte & Arquitectura _aTEORIA |
||
| 650 |
_2Tesauro de Arte & Arquitectura _aANALISIS |
||
| 651 |
_2Tesauro de Arte & Arquitectura _aLONDRES |
||
| 942 |
_2ddc _c1 _h701.18 _iA658t _n0 |
||
| 999 |
_c3636 _d3636 |
||